Introducción a la Psicología / (Record no. 71478)

MARC details
000 -LEADER
campo de control de longitud fija 00702nam a2200217 i 4500
001 - NÚMERO DE CONTROL
campo de control 71478
003 - IDENTIFICADOR DE NÚMERO DE CONTROL
campo de control ES-MaACL
005 - FECHA Y HORA DE LA ÚLTIMA TRANSACCIÓN
campo de control 20250712031714.0
007 - CAMPO FIJO DE DESCRIPCIÓN FÍSICA--INFORMACIÓN GENERAL
campo de control de longitud fija t|
008 - DATOS DE LONGITUD FIJA--INFORMACIÓN GENERAL
campo de control de longitud fija 040811s1968 sp ||||1| spa d
100 1# - ENTRADA PRINCIPAL--NOMBRE DE PERSONA
Nombre de persona Gemelli, Agostino.
9 (RLIN) 56282
245 10 - MENCIÓN DEL TÍTULO
Título Introducción a la Psicología /
Mención de responsabilidad, etc. A. Gemelli y G. Zunini ; [traducción por Fernando Gutiérrez ; revisada por Oliver Brachfeld].
250 ## - MENCION DE EDICION
Mención de edición [4ª ed.].
260 ## - PUBLICACIÓN, DISTRIBUCIÓN, ETC.
Lugar de publicación, distribución, etc. [Barcelona] :
Nombre del editor, distribuidor, etc. Miracle,
Fecha de publicación, distribución, etc. [1968]
300 ## - DESCRIPCIÓN FÍSICA
Extensión 552 p. ;
Dimensiones 22 cm.
700 1# - ENTRADA AGREGADA--NOMBRE PERSONAL
Nombre de persona Gutiérrez, Fernando,
Fechas asociadas al nombre 1911-1984
9 (RLIN) 156260
700 1# - ENTRADA AGREGADA--NOMBRE PERSONAL
Nombre de persona Oliver Brachfeld, F.
9 (RLIN) 86832
700 1# - ENTRADA AGREGADA--NOMBRE PERSONAL
Nombre de persona Zunini, G.
9 (RLIN) 118502
852 ## - LOCALIZACIÓN
Ubicación ES-MaACL
Número de control de estantería C-35196
Sublocalización o colección R.67917
Holdings
Estatus retirado Estado de pérdida Estado de daño No para préstamo Biblioteca de origen Biblioteca actual Ubicación en estantería Fecha de adquisición Fuente de adquisición Total de préstamos Signatura topográfica completa Código de barras Visto por última vez Precio de reemplazo Tipo de ítem Koha
        Biblioteca del Ateneo de Madrid Biblioteca del Ateneo de Madrid Depósito 2 17/01/2008     C-35196 1074834 23/02/2023 23/02/2023 Libro impreso